000 00391nam a2200145Ia 4500
008 230711s9999||||xx |||||||||||||| ||und||
041 _aENG
082 _a621.381
_bBO-M
100 _aBolton,W
245 0 _aMechatronics : electronic control systems in mechanical and electrical
250 _a2nd Ed.
260 _c2004
_aNew Delhi
_bPearson
650 _aMechanical Engineering
942 _cBK
999 _c4289
_d4289